=LDR 00000nam 2200000 4500 =001 INLIS000000000038082 =005 20130612143755 =008 ***********************************Ind** =035 ##$$0010-061300000038082 =041 ##$$a Ind =082 ##$$a 004.6 =090 ##$$a 06.6, Ent c =100 ##$$a Enterprise Jubilee =245 ##$$a Cara cepat menguasai google, Jbilee Enterprise =260 ##$$a 2011 $b Jakarta =300 ##$$a viii,172 hl., ilus., 21 cm =650 ##$$a Komputer =850 ##$$a NBPNMAT